000 00582nam a2200145Ia 4500
008 100204s9999 xx 000 0 und d
082 _b7461
100 _aताम्हाणे चंद्र्रकांत
245 _aमहाराष्ट्र : इयर बुक 1985
260 _b"सुमंगल पब्लिशिंग कं. , मुंबई 14"
_c1985
300 _a3+11+248
630 _aमहाराष्ट्र : इयर बुक 1985
730 _aमहाराष्ट्र : इयर बुक 1985
942 _cBOOK
999 _c451897
_d451894